000 01495nam a22002057a 4500
005 20251024153155.0
008 s2559 th tha d
040 _aNALT
041 _atha
090 _aKH 42
_bส226ว 2559
110 2 _aสำนักงานเลขาธิการสภาผู้แทนราษฎร.
_bสำนักงบประมาณของรัฐสภา
_93737
245 1 0 _aวิเคราะห์ร่างพระราชบัญญัติโอนงบประมาณรายจ่าย พ.ศ. .... (รายงานการวิเคราะห์สำนักงบประมาณของรัฐสภา ฉบับที่ 2/2559) /
_cสำนักงบประมาณของรัฐสภา สำนักงานเลขาธิการสภาผู้แทนราษฎร.
260 _aกรุงเทพฯ :
_bสำนักการพิมพ์ สำนักงานเลขาธิการสภาผู้แทนราษฎร,
_c2559.
300 _a26 หน้า :
_bตาราง ;
_c29 ซม.
650 0 _aงบประมาณ
_xกฎหมายและระเบียบข้อบังคับ
_918670
650 0 _aงบประมาณ
_xกฎหมายและระเบียบข้อบังคับ
_918670
850 _aNALT
856 4 0 _uhttps://hdl.handle.net/20.500.14156/515534
942 _cLB
_2local
999 _c76188
_d76188
998 _j4612
_k นางสาววัลยา พุ่มต้นวงค์